[Event "Valencia ONCE op"]
[Site "Valencia ESP"]
[Date "2003.09.29"]
[Round "2.2"]
[White "Mosconi, Ariel"]
[Black "Castellanos, Renier"]
[Result "0-1"]
[WhiteElo "2097"]
[BlackElo "2489"]
[PlyCount "78"]
[EventDate "2003.09.27"]
[EventType "swiss"]
[EventRounds "7"]
[EventCountry "ESP"]
[Source "ChessBase"]
[SourceDate "2003.10.22"]

1. e4 c5 2. c3 Nf6 3. e5 Nd5 4. d4 cxd4 5. Nf3 e6 6. cxd4 d6 7. Nc3 Nxc3 8.
bxc3 Qc7 9. Bd2 Nd7 10. exd6 Bxd6 11. Bd3 b6 12. O-O Bb7 13. Re1 O-O 14. h4
Rac8 15. Ng5 Nf6 16. Ne4 Bh2+ 17. Kh1 Bxe4 18. Bxe4 Bf4 19. Bc1 Bxc1 20. Rxc1
Qf4 21. Qf3 Qxh4+ 22. Kg1 Nxe4 23. Rxe4 Qg5 24. Rce1 Qd2 25. R1e3 Qxa2 26. Qh5
Rxc3 27. Rh4 Qb1+ 28. Kh2 Rxe3 29. fxe3 Rc8 30. e4 Rc1 31. Qxh7+ Kf8 32. Rh3
Rh1+ 33. Kg3 Qe1+ 34. Kf4 Qf2+ 35. Ke5 Qf6+ 36. Kd6 Qxd4+ 37. Kc6 Rc1+ 38. Kb7
Qd7+ 39. Ka6 Ra1+ 0-1

[Event "Valencia ONCE op"]
[Site "Valencia ESP"]
[Date "2003.09.30"]
[Round "3.1"]
[White "Castellanos, Renier"]
[Black "Rodriguez Valencoso, Juan Carlos"]
[Result "1-0"]
[WhiteElo "2489"]
[BlackElo "2158"]
[PlyCount "59"]
[EventDate "2003.09.27"]
[EventType "swiss"]
[EventRounds "7"]
[EventCountry "ESP"]
[Source "ChessBase"]
[SourceDate "2003.10.22"]

1. e4 e6 2. d4 d5 3. Nc3 Bb4 4. e5 b6 5. a3 Bf8 6. Nf3 Ne7 7. b4 c6 8. Bd3 a5
9. Rb1 h6 10. O-O Nd7 11. b5 c5 12. Re1 Qc7 13. dxc5 bxc5 14. b6 Qb8 15. Nb5
Nc6 16. Nc7+ Kd8 17. c4 d4 18. Nxa8 Qxa8 19. Be4 Bb7 20. Bd2 g5 21. Rb5 g4 22.
Nh4 Ndxe5 23. Bf4 Nxc4 24. Bxc6 Bxc6 25. b7 Bxb7 26. Qb3 Bd6 27. Rxb7 Bxf4 28.
Rxf7 Bg5 29. Qxc4 Bxh4 30. Qxe6 1-0

[Event "Valencia ONCE op"]
[Site "Valencia ESP"]
[Date "2003.10.01"]
[Round "4.1"]
[White "Garcia Fernandez, Carlos"]
[Black "Castellanos, Renier"]
[Result "1/2-1/2"]
[WhiteElo "2381"]
[BlackElo "2489"]
[PlyCount "44"]
[EventDate "2003.09.27"]
[EventType "swiss"]
[EventRounds "7"]
[EventCountry "ESP"]
[Source "ChessBase"]
[SourceDate "2003.10.22"]

1. e4 c5 2. c3 Nf6 3. e5 Nd5 4. Nf3 e6 5. d4 cxd4 6. cxd4 d6 7. a3 Bd7 8. Bd3
Bc6 9. O-O Nd7 10. b4 a6 11. Re1 Rc8 12. Ng5 Be7 13. Qh5 g6 14. Qg4 dxe5 15.
Nxe6 fxe6 16. Bxg6+ hxg6 17. Qxg6+ Kf8 18. Bh6+ Rxh6 19. Qxh6+ Kf7 20. Qh7+ Kf8
21. Qh8+ Kf7 22. Qh7+ Kf8 1/2-1/2

[Event "Valencia ONCE op"]
[Site "Valencia ESP"]
[Date "2003.10.02"]
[Round "5.1"]
[White "Castellanos, Renier"]
[Black "Garcia Ramos, Javier"]
[Result "1-0"]
[WhiteElo "2489"]
[BlackElo "2318"]
[PlyCount "61"]
[EventDate "2003.09.27"]
[EventType "swiss"]
[EventRounds "7"]
[EventCountry "ESP"]
[Source "ChessBase"]
[SourceDate "2003.10.22"]

1. e4 e6 2. d4 d5 3. Nc3 Bb4 4. e5 c5 5. a3 Bxc3+ 6. bxc3 Qc7 7. Qg4 f5 8. Qg3
Nc6 9. Nf3 cxd4 10. cxd4 Nge7 11. Bd2 O-O 12. Bd3 Bd7 13. O-O Na5 14. Bb4 Rfe8
15. Bd6 Qc6 16. Ng5 Nc8 17. Bb4 Nc4 18. Qh4 h6 19. Nf3 a5 20. Bd2 Nxd2 21. Nxd2
Nb6 22. g4 Qa4 23. gxf5 exf5 24. Nf3 Nc4 25. Kh1 Nb2 26. Rg1 Qc6 27. Bb5 Qe6
28. Rxg7+ Kxg7 29. Rg1+ Kh8 30. Bxd7 Qa6 31. Bxe8 1-0

[Event "Valencia ONCE op"]
[Site "Valencia ESP"]
[Date "2003.10.04"]
[Round "7.1"]
[White "Castellanos, Renier"]
[Black "Castella Garcia, Fausto"]
[Result "1/2-1/2"]
[WhiteElo "2489"]
[BlackElo "2302"]
[PlyCount "55"]
[EventDate "2003.09.27"]
[EventType "swiss"]
[EventRounds "7"]
[EventCountry "ESP"]
[Source "ChessBase"]
[SourceDate "2003.10.22"]

1. e4 c5 2. Nf3 d6 3. d4 cxd4 4. Nxd4 Nf6 5. Nc3 g6 6. Be3 Bg7 7. f3 O-O 8. Qd2
Nc6 9. Bc4 Nd7 10. O-O-O Nb6 11. Bb3 Na5 12. Qd3 Bd7 13. h4 Rc8 14. Kb1 Nbc4
15. Bc1 a6 16. h5 b5 17. hxg6 hxg6 18. g4 b4 19. Nd5 e6 20. Ne3 Qc7 21. Nxc4
Nxc4 22. Qe2 d5 23. Qg2 Qe5 24. exd5 exd5 25. Qh3 Rfe8 26. Bxc4 Rxc4 27. Nb3
Ba4 28. Rh2 1/2-1/2

[Event "Albacete"]
[Site "Albacete ESP"]
[Date "2003.09.01"]
[Round "1"]
[White "Gomez Hernandez, Jesus"]
[Black "Castellanos, Renier"]
[Result "0-1"]
[WhiteElo "1987"]
[BlackElo "2489"]
[PlyCount "88"]
[EventDate "2003.09.01"]
[EventType "swiss"]
[EventRounds "9"]
[EventCountry "ESP"]
[Source "LesEchecs.com"]
[SourceDate "2003.03.18"]

1. e4 c5 2. Nc3 d6 3. g3 Nc6 4. Bg2 g6 5. Nge2 Bg7 6. d3 Rb8 7. Be3 Nf6 8. h3
e5 9. Qd2 Nd4 10. O-O Bxh3 11. f4 Bxg2 12. Kxg2 Ng4 13. Nd5 Nxe3+ 14. Nxe3 exf4
15. Nxf4 O-O 16. c3 Ne6 17. Nfd5 Qg5 18. Qe2 h5 19. Rf3 Be5 20. Nc4 Kg7 21.
Raf1 h4 22. Nxe5 dxe5 23. Qe3 Qxe3 24. Rxe3 hxg3 25. Rxg3 Rh8 26. Rgf3 Rbf8 27.
R1f2 Rh4 28. Kg3 Rh1 29. Nf6 Ng5 30. Nd7 Rd8 31. Nxe5 Nxf3 32. Rxf3 f6 33. Ng4
Rg1+ 34. Kf4 Rd1 35. Nf2 Rd2 36. Ke3 Rxb2 37. Ng4 Rf8 38. Rf2 Rxf2 39. Nxf2 Rc8
40. d4 cxd4+ 41. cxd4 Rc2 42. Nd3 Rxa2 43. d5 Ra3 44. Kd4 Rxd3+ 0-1

[Event "Albacete"]
[Site "Albacete ESP"]
[Date "2003.09.02"]
[Round "2"]
[White "Castellanos, Renier"]
[Black "Collazo, Niala"]
[Result "0-1"]
[WhiteElo "2489"]
[BlackElo "2272"]
[PlyCount "62"]
[EventDate "2003.09.01"]
[EventType "swiss"]
[EventRounds "9"]
[EventCountry "ESP"]
[Source "LesEchecs.com"]
[SourceDate "2003.03.18"]

1. e4 c5 2. Nf3 e6 3. d4 cxd4 4. Nxd4 a6 5. Bd3 Qc7 6. O-O Nf6 7. Qe2 d6 8. c4
Be7 9. Nc3 O-O 10. f4 Nfd7 11. Be3 Nc6 12. Rac1 Bf6 13. Nf3 Qa5 14. a3 Qh5 15.
b4 b6 16. Qf2 Rb8 17. Ne2 g6 18. e5 dxe5 19. Ng3 Bh4 20. Nxh4 Qxh4 21. Qb2 Bb7
22. Ne4 Rbd8 23. Bb1 Ne7 24. Nd6 Ba8 25. fxe5 Qh5 26. Bf4 Nc6 27. Rce1 Ne7 28.
Bg3 Nf5 29. Bxf5 gxf5 30. Qc3 Qg6 31. Qb2 h6 0-1

[Event "Albacete"]
[Site "Albacete ESP"]
[Date "2003.09.02"]
[Round "3"]
[White "Garcia Rodriguez, Victor"]
[Black "Castellanos, Renier"]
[Result "0-1"]
[WhiteElo "2018"]
[BlackElo "2489"]
[PlyCount "30"]
[EventDate "2003.09.01"]
[EventType "swiss"]
[EventRounds "9"]
[EventCountry "ESP"]
[Source "LesEchecs.com"]
[SourceDate "2003.03.18"]

1. e4 c5 2. Nf3 d6 3. d4 cxd4 4. Nxd4 Nf6 5. Nc3 a6 6. Be2 e6 7. O-O Be7 8. Kh1
Qc7 9. f4 Nc6 10. g4 Nd7 11. g5 b5 12. f5 Nde5 13. f6 gxf6 14. gxf6 Bf8 15. Bg4
Nxd4 0-1

[Event "Albacete"]
[Site "Albacete ESP"]
[Date "2003.09.03"]
[Round "4"]
[White "Castellanos, Renier"]
[Black "Djingarova, Emilia"]
[Result "1/2-1/2"]
[WhiteElo "2489"]
[BlackElo "2300"]
[PlyCount "41"]
[EventDate "2003.09.01"]
[EventType "swiss"]
[EventRounds "9"]
[EventCountry "ESP"]
[Source "LesEchecs.com"]
[SourceDate "2003.03.18"]

1. e4 e5 2. Nf3 Nc6 3. Bb5 a6 4. Ba4 Nf6 5. O-O b5 6. Bb3 Be7 7. Re1 d6 8. c3
O-O 9. h3 Na5 10. Bc2 c5 11. d4 Qc7 12. d5 c4 13. Nbd2 Bd7 14. Nf1 Rfb8 15. b4
cxb3 16. axb3 Nb7 17. Bd2 Nc5 18. Ng3 Bf8 19. Qe2 a5 20. Rec1 a4 21. b4 1/2-1/2

[Event "Albacete"]
[Site "Albacete ESP"]
[Date "2003.09.04"]
[Round "5"]
[White "Peric, Slavisa"]
[Black "Castellanos, Renier"]
[Result "0-1"]
[WhiteElo "2251"]
[BlackElo "2489"]
[PlyCount "80"]
[EventDate "2003.09.01"]
[EventType "swiss"]
[EventRounds "9"]
[EventCountry "ESP"]
[Source "LesEchecs.com"]
[SourceDate "2003.03.18"]

1. d4 Nf6 2. Nf3 e6 3. e3 c5 4. Bd3 b6 5. O-O Bb7 6. c4 g6 7. Nc3 Bg7 8. dxc5
bxc5 9. e4 d6 10. e5 dxe5 11. Nxe5 Nc6 12. Nxc6 Bxc6 13. Be3 Qa5 14. h3 O-O 15.
Qc2 Rab8 16. Rfb1 Rfd8 17. a3 Nd7 18. b4 Qc7 19. b5 Ba8 20. Ra2 Ne5 21. Bf1 Qb7
22. Na4 Nf3+ 23. Kh1 Bd4 24. Qe2 Qe4 25. Bxd4 Qxb1 26. Ra1 Qf5 27. Bxc5 Qf4 28.
g3 Qf6 29. Qb2 Nd2+ 30. Bg2 Bxg2+ 31. Kxg2 Qxb2 32. Nxb2 Nb3 33. Bxa7 Rb7 34.
Be3 Nxa1 35. a4 Nc2 36. c5 Nxe3+ 37. Kf3 Nf5 38. Ke4 Rd4+ 39. Ke5 Rd5+ 40. Kf6
Ng7 0-1

[Event "Albacete"]
[Site "Albacete ESP"]
[Date "2003.09.05"]
[Round "7"]
[White "Martinez Tormo, Jorge"]
[Black "Castellanos, Renier"]
[Result "1-0"]
[WhiteElo "2208"]
[BlackElo "2489"]
[PlyCount "57"]
[EventDate "2003.09.01"]
[EventType "swiss"]
[EventRounds "9"]
[EventCountry "ESP"]
[Source "LesEchecs.com"]
[SourceDate "2003.03.18"]

1. e4 c5 2. Nf3 d6 3. d4 cxd4 4. Nxd4 Nf6 5. Nc3 a6 6. f4 e6 7. Be3 b5 8. a3
Bb7 9. Bd3 Nbd7 10. Qf3 Rc8 11. O-O Be7 12. Rae1 Nc5 13. Kh1 g6 14. Bc1 Qb6 15.
Nb3 O-O 16. Qh3 b4 17. axb4 Nxd3 18. cxd3 Qxb4 19. Nd2 d5 20. f5 dxe4 21. dxe4
e5 22. fxg6 hxg6 23. Nf3 Rc5 24. Ng5 Nh5 25. g4 Bxg5 26. Bxg5 Bc8 27. Qh4 f6
28. gxh5 fxg5 29. Qxg5 1-0

[Event "Albacete"]
[Site "Albacete ESP"]
[Date "2003.09.06"]
[Round "8"]
[White "Castellanos, Renier"]
[Black "Castillo Gallego, Sergio"]
[Result "0-1"]
[WhiteElo "2489"]
[BlackElo "2196"]
[PlyCount "50"]
[EventDate "2003.09.01"]
[EventType "swiss"]
[EventRounds "9"]
[EventCountry "ESP"]
[Source "LesEchecs.com"]
[SourceDate "2003.03.18"]

1. e4 e5 2. Nf3 Nc6 3. Bb5 a6 4. Ba4 d6 5. c3 Bd7 6. O-O g6 7. d4 Bg7 8. d5
Nce7 9. Bxd7+ Qxd7 10. c4 h6 11. Nc3 f5 12. exf5 gxf5 13. Ne1 Nf6 14. f4 e4 15.
a4 O-O 16. Ra3 Ng6 17. Be3 Kh7 18. h3 Rg8 19. Rb3 b6 20. Nc2 Bh8 21. Nd4 Nh4
22. Rf2 Rg6 23. Nc2 Rag8 24. Ne1 Rg3 25. Bd4 Nf3+ 0-1

[Event "Mislata op A"]
[Site "Mislata ESP"]
[Date "2003.08.19"]
[Round "1"]
[White "Balada Moreno, Jose Luis"]
[Black "Castellanos, Renier"]
[Result "1-0"]
[WhiteElo "2207"]
[BlackElo "2489"]
[PlyCount "81"]
[EventDate "2003.08.19"]
[EventType "swiss"]
[EventRounds "9"]
[EventCountry "ESP"]
[Source "Mark Crowther"]
[SourceDate "2003.09.01"]

1. e4 c5 2. Nc3 d6 3. f4 g6 4. Nf3 Bg7 5. Bb5+ Bd7 6. Bxd7+ Qxd7 7. d3 Nc6 8.
O-O Nh6 9. Qe1 f5 10. Bd2 O-O 11. Qh4 e6 12. Ng5 Nd4 13. Rac1 Rae8 14. Be3 fxe4
15. dxe4 d5 16. Kh1 b6 17. Bg1 Nb5 18. Rcd1 Nxc3 19. bxc3 Qb5 20. e5 Qc4 21.
Qh3 Rxf4 22. Rxf4 Qxf4 23. Nxe6 Qf5 24. Qxf5 Nxf5 25. Nxg7 Kxg7 26. Rxd5 Kf7
27. h3 Ke6 28. c4 Ng3+ 29. Kh2 Ne4 30. Be3 Rf8 31. Kg1 g5 32. a4 h5 33. a5 h4
34. a6 Rf7 35. Rd8 Ng3 36. Re8+ Kf5 37. e6 Rf6 38. e7 Ke6 39. Rf8 Ne2+ 40. Kh2
Kxe7 41. Bxg5 1-0

[Event "Mislata op A"]
[Site "Mislata ESP"]
[Date "2003.08.22"]
[Round "4"]
[White "Castellanos, Renier"]
[Black "Nazarenus, Moritz"]
[Result "1/2-1/2"]
[WhiteElo "2489"]
[BlackElo "2128"]
[PlyCount "57"]
[EventDate "2003.08.19"]
[EventType "swiss"]
[EventRounds "9"]
[EventCountry "ESP"]
[Source "Mark Crowther"]
[SourceDate "2003.09.01"]

1. e4 c6 2. c4 e5 3. Nf3 d6 4. d4 Bg4 5. Be2 Be7 6. O-O Nd7 7. Nc3 Ngf6 8. Be3
O-O 9. Nd2 Bxe2 10. Qxe2 a6 11. Rfd1 b5 12. a3 exd4 13. Bxd4 Re8 14. Rac1 Qb8
15. Nf1 Qb7 16. Ng3 Rad8 17. cxb5 axb5 18. Nf5 Bf8 19. Qf3 Re6 20. Bxf6 Rxf6
21. Ne2 Re8 22. Neg3 g6 23. Qg4 Kh8 24. Nd4 c5 25. Nde2 Rfe6 26. Nf4 Re5 27.
Qf3 c4 28. Nd5 Nc5 29. Qf6+ 1/2-1/2

[Event "Mislata op A"]
[Site "Mislata ESP"]
[Date "2003.08.25"]
[Round "6"]
[White "Castellanos, Renier"]
[Black "Ibanez Aullana, Jose Ramon"]
[Result "0-1"]
[WhiteElo "2489"]
[BlackElo "2296"]
[PlyCount "118"]
[EventDate "2003.08.19"]
[EventType "swiss"]
[EventRounds "9"]
[EventCountry "ESP"]
[Source "Mark Crowther"]
[SourceDate "2003.09.01"]

1. e4 e6 2. d4 d5 3. Nc3 Nf6 4. Bg5 dxe4 5. Nxe4 Be7 6. Bxf6 Bxf6 7. Nf3 Nd7 8.
Qd2 Be7 9. O-O-O Nf6 10. Bd3 Qd5 11. Nc3 Qa5 12. a3 Bd7 13. Kb1 O-O 14. Ne5
Rfd8 15. g4 Be8 16. Nc4 Qa6 17. g5 Nd7 18. Ne3 Qb6 19. h4 c5 20. d5 Ne5 21. f4
Nxd3 22. Qxd3 Rac8 23. Rhe1 Bf8 24. Qc4 Qa6 25. Qxa6 bxa6 26. Nc4 Bb5 27. Ne5
Be8 28. dxe6 fxe6 29. Ne4 Rd5 30. c4 Rdd8 31. Rxd8 Rxd8 32. Kc2 a5 33. Kc3 a4
34. Nd3 Rc8 35. Nd2 Bf7 36. Ne5 Be8 37. Re3 Bd6 38. Rd3 Bc7 39. Ndf3 Kf8 40. b4
axb3 41. Kxb3 Rb8+ 42. Ka2 Ke7 43. Re3 Kf8 44. Nd3 Bb6 45. Nde5 Rd8 46. Kb3 Rd1
47. Re1 Rd6 48. g6 hxg6 49. Ng5 Ke7 50. Ne4 Rd4 51. Re3 Rd1 52. Ng5 Rd6 53. Rg3
Rd4 54. Rg4 a5 55. Ngf3 a4+ 56. Kc2 Rd6 57. h5 gxh5 58. Rxg7+ Kf6 59. Rg8 Rd8
0-1

[Event "Mislata op A"]
[Site "Mislata ESP"]
[Date "2003.08.26"]
[Round "7"]
[White "Castellanos, Renier"]
[Black "Vedreno Rios, Jose Vicente"]
[Result "1-0"]
[WhiteElo "2489"]
[BlackElo "2089"]
[PlyCount "68"]
[EventDate "2003.08.19"]
[EventType "swiss"]
[EventRounds "9"]
[EventCountry "ESP"]
[Source "Mark Crowther"]
[SourceDate "2003.09.01"]

1. e4 e5 2. Nf3 Nc6 3. Bb5 a6 4. Ba4 Nf6 5. O-O Nxe4 6. d4 b5 7. Bb3 d5 8. dxe5
Be6 9. Nbd2 Nc5 10. c3 Be7 11. Bc2 d4 12. cxd4 Nxd4 13. Nxd4 Qxd4 14. Qe2 Rd8
15. Kh1 Nd3 16. Nb3 Nxc1 17. Rfxc1 Qxb2 18. f4 g6 19. Qf3 Bd5 20. Be4 Bxe4 21.
Qxe4 O-O 22. f5 Rfe8 23. Rab1 Qxa2 24. e6 Bd6 25. Rf1 g5 26. exf7+ Kxf7 27.
Qd5+ Kf6 28. h4 h6 29. Rbe1 Be5 30. Qc6+ Bd6 31. Rxe8 Rxe8 32. Qxe8 Qxb3 33.
Qh8+ Kf7 34. Re1 Bf8 1-0

[Event "Mislata op A"]
[Site "Mislata ESP"]
[Date "2003.08.27"]
[Round "8"]
[White "Fenollar Jorda, Manuel"]
[Black "Castellanos, Renier"]
[Result "0-1"]
[WhiteElo "2234"]
[BlackElo "2489"]
[PlyCount "62"]
[EventDate "2003.08.19"]
[EventType "swiss"]
[EventRounds "9"]
[EventCountry "ESP"]
[Source "Mark Crowther"]
[SourceDate "2003.09.01"]

1. e4 c5 2. Nf3 d6 3. d4 cxd4 4. Nxd4 Nf6 5. Nc3 a6 6. Be3 e6 7. f3 b5 8. Qd2
Nbd7 9. g4 Nb6 10. Bd3 Bb7 11. O-O-O Rc8 12. Kb1 Nfd7 13. f4 Nc4 14. Bxc4 Rxc4
15. Rhe1 Be7 16. g5 b4 17. Nce2 Nc5 18. Ng3 Qc7 19. b3 Rc3 20. Nde2 Rxe3 21.
Qxe3 O-O 22. c3 a5 23. Nc1 Rc8 24. c4 a4 25. Rf1 d5 26. exd5 exd5 27. Nf5 Bf8
28. Nd3 dxc4 29. Nxc5 Bxc5 30. Qe5 Qxe5 31. fxe5 Be4+ 0-1

[Event "Andorra op"]
[Site "Andorra la Vella AND"]
[Date "2003.07.07"]
[Round "3"]
[White "Garcia, Raul"]
[Black "Castellanos, Renier"]
[Result "1/2-1/2"]
[WhiteElo "2273"]
[BlackElo "2489"]
[PlyCount "73"]
[EventDate "2003.07.05"]
[EventType "swiss"]
[EventRounds "9"]
[EventCountry "AND"]
[Source "Mark Crowther"]
[SourceDate "2003.07.14"]

1. d4 Nf6 2. Nf3 c5 3. e3 g6 4. b3 Bg7 5. Bb2 O-O 6. Bd3 b6 7. O-O Bb7 8. Nbd2
d6 9. Qe2 Nbd7 10. Rfd1 Qc7 11. c4 Rfe8 12. Rac1 a6 13. Bb1 Rac8 14. Re1 Qb8
15. Qd1 e6 16. e4 cxd4 17. Bxd4 Qa8 18. Re2 b5 19. Qe1 e5 20. Bb2 Nc5 21. Ba3
Red8 22. Rd1 Ne6 23. g3 Bc6 24. Bd3 Qb7 25. Bb4 Bf8 26. cxb5 axb5 27. Nb1 Re8
28. Nc3 Nd4 29. Nxd4 exd4 30. Nd5 Nxd5 31. exd5 Rxe2 32. Bxe2 Bxd5 33. Rxd4 Bg7
34. Rd3 Be5 35. Qd1 Be4 36. Rd2 Qc6 37. Qf1 1/2-1/2

[Event "Andorra op"]
[Site "Andorra la Vella AND"]
[Date "2003.07.08"]
[Round "4"]
[White "Castellanos, Renier"]
[Black "Termeulen, Albert"]
[Result "1-0"]
[WhiteElo "2489"]
[BlackElo "2217"]
[PlyCount "59"]
[EventDate "2003.07.05"]
[EventType "swiss"]
[EventRounds "9"]
[EventCountry "AND"]
[Source "Mark Crowther"]
[SourceDate "2003.07.14"]

1. e4 c5 2. Nf3 d6 3. d4 cxd4 4. Nxd4 Nf6 5. Nc3 a6 6. Bg5 e6 7. f4 Be7 8. Qf3
Qc7 9. O-O-O Nbd7 10. g4 O-O 11. Bh4 b5 12. g5 Ne8 13. f5 b4 14. Nce2 Ne5 15.
Qh3 Bb7 16. Bg2 Qa5 17. Kb1 Nc7 18. Rhg1 d5 19. g6 Bxh4 20. gxh7+ Kh8 21. Qxh4
Nb5 22. exd5 Nc3+ 23. bxc3 bxc3 24. Nb3 Qa3 25. Nxc3 Rfc8 26. f6 Rxc3 27. fxg7+
Kxg7 28. Be4+ Ng6 29. Bxg6 fxg6 30. Qd4+ 1-0

[Event "Andorra op"]
[Site "Andorra la Vella AND"]
[Date "2003.07.09"]
[Round "5"]
[White "Lacasa Diaz, Jose Antonio"]
[Black "Castellanos, Renier"]
[Result "1/2-1/2"]
[WhiteElo "2398"]
[BlackElo "2489"]
[PlyCount "76"]
[EventDate "2003.07.05"]
[EventType "swiss"]
[EventRounds "9"]
[EventCountry "AND"]
[Source "Mark Crowther"]
[SourceDate "2003.07.14"]

1. e4 c5 2. Nf3 d6 3. d4 cxd4 4. Nxd4 Nf6 5. Nc3 a6 6. Be2 e6 7. O-O Qc7 8. f4
Be7 9. Kh1 Nc6 10. Be3 O-O 11. Qe1 Na5 12. Qg3 Nc4 13. e5 dxe5 14. fxe5 Nxe3
15. Qxe3 Nd7 16. Nf3 b5 17. Bd3 Bb7 18. Rae1 Nc5 19. Ne4 Nxe4 20. Bxe4 Bxe4 21.
Qxe4 Rac8 22. c3 a5 23. a3 Rb8 24. Nd4 Rb6 25. h3 Bg5 26. Rf3 Be7 27. Rd1 Qc4
28. Qe3 Rbb8 29. Qd3 Qc5 30. Qe4 Rbc8 31. Rfd3 Qb6 32. Nf3 b4 33. axb4 axb4 34.
c4 Qc5 35. b3 Ra8 36. Qd4 Qa5 37. Qe4 Qc5 38. Qd4 Qa5 1/2-1/2

[Event "Maipu Magistral"]
[Site "Maipu CHI"]
[Date "2002.08.17"]
[Round "1"]
[White "Castellanos, Renier"]
[Black "Perez, Robinson Molina"]
[Result "1-0"]
[WhiteElo "2367"]
[BlackElo "2330"]
[PlyCount "79"]
[EventDate "2002.08.17"]
[EventType "tourn"]
[EventRounds "11"]
[EventCountry "CHI"]
[EventCategory "1"]
[Source "ChessBase"]
[SourceDate "2005.11.24"]

1. e4 c5 2. Nf3 d6 3. Nc3 Nc6 4. d4 cxd4 5. Nxd4 g6 6. Be3 Bg7 7. Qd2 Nf6 8. f3
O-O 9. Bc4 Bd7 10. O-O-O Ne5 11. Bb3 Rc8 12. Kb1 Nc4 13. Bxc4 Rxc4 14. g4 Qa5
15. g5 Nh5 16. Nd5 Qd8 17. Ne2 Be6 18. Bxa7 Qa8 19. Bd4 Bxd5 20. exd5 Rfc8 21.
c3 Bxd4 22. Nxd4 Qa5 23. Nb3 Qa4 24. Rhe1 Qd7 25. Nd4 R4c5 26. Qe2 R8c7 27. Qe4
Rc4 28. Rd2 Ng7 29. Qd3 R4c5 30. Nb3 Rc4 31. Re4 Qa4 32. Nc5 R7xc5 33. b3 Qa7
34. Rxc4 Nf5 35. Rxc5 Qxc5 36. Kb2 Qg1 37. f4 Ne3 38. a4 Nf5 39. b4 Qe1 40. Qe2
1-0

[Event "Maipu Magistral"]
[Site "Maipu CHI"]
[Date "2002.08.18"]
[Round "2"]
[White "Vargas, Ivan"]
[Black "Castellanos, Renier"]
[Result "0-1"]
[WhiteElo "2241"]
[BlackElo "2367"]
[PlyCount "66"]
[EventDate "2002.08.17"]
[EventType "tourn"]
[EventRounds "11"]
[EventCountry "CHI"]
[EventCategory "1"]
[Source "ChessBase"]
[SourceDate "2005.11.24"]

1. e4 c5 2. Nf3 d6 3. d4 cxd4 4. Nxd4 Nf6 5. Nc3 a6 6. Be3 e6 7. f3 b5 8. g4
Nfd7 9. Qd2 Nb6 10. O-O-O Bb7 11. Nb3 N8d7 12. Na5 Qc7 13. Nxb7 Qxb7 14. Bf4 b4
15. Nb1 d5 16. exd5 Nxd5 17. Bc4 N7b6 18. Bb3 Be7 19. Bg5 O-O 20. Rhe1 Bxg5 21.
Qxg5 a5 22. Re4 a4 23. Bxd5 Nxd5 24. a3 Rfc8 25. Rdd4 bxa3 26. Nxa3 Rab8 27.
Nc4 Rxc4 28. Rxc4 Qxb2+ 29. Kd2 f6 30. Qh4 a3 31. Rxe6 Rd8 32. Ke2 a2 33. Rd6
Qe5+ 0-1

[Event "Maipu Magistral"]
[Site "Maipu CHI"]
[Date "2002.08.19"]
[Round "3"]
[White "Castellanos, Renier"]
[Black "Romero, Claudio"]
[Result "1/2-1/2"]
[WhiteElo "2367"]
[BlackElo "2289"]
[PlyCount "47"]
[EventDate "2002.08.17"]
[EventType "tourn"]
[EventRounds "11"]
[EventCountry "CHI"]
[EventCategory "1"]
[Source "ChessBase"]
[SourceDate "2005.11.24"]

1. e4 e5 2. Nf3 Nc6 3. Bb5 a6 4. Ba4 Nf6 5. O-O Be7 6. Re1 b5 7. Bb3 d6 8. c3
O-O 9. h3 Na5 10. Bc2 c5 11. d4 Nd7 12. d5 Nb6 13. Nbd2 f5 14. b4 cxb4 15. cxb4
Nac4 16. a4 Nxd2 17. Nxd2 Nxa4 18. Bxa4 bxa4 19. Rxa4 Bg5 20. Ra3 Bb7 21. Nc4
Bxc1 22. Qxc1 fxe4 23. Qb1 Qb6 24. Rd1 1/2-1/2

[Event "Maipu Magistral"]
[Site "Maipu CHI"]
[Date "2002.08.22"]
[Round "4"]
[White "Troncoso, Pedro"]
[Black "Castellanos, Renier"]
[Result "0-1"]
[WhiteElo "2164"]
[BlackElo "2367"]
[PlyCount "62"]
[EventDate "2002.08.17"]
[EventType "tourn"]
[EventRounds "11"]
[EventCountry "CHI"]
[EventCategory "1"]
[Source "ChessBase"]
[SourceDate "2005.11.24"]

1. e4 c5 2. Nf3 d6 3. d4 cxd4 4. Qxd4 a6 5. Bg5 Nc6 6. Qd2 h6 7. Bh4 g5 8. Bg3
Bg7 9. Nc3 Be6 10. Bd3 Nf6 11. O-O Nh5 12. Nd5 Nxg3 13. hxg3 Rc8 14. c4 O-O 15.
Rad1 Re8 16. b4 Bg4 17. Rc1 e6 18. Ne3 Bxf3 19. gxf3 Qb6 20. b5 Ne5 21. Be2 Ng6
22. Rfd1 Red8 23. c5 dxc5 24. Nc4 Qc7 25. Qc2 axb5 26. Na3 b4 27. Nb5 Qe7 28.
Rxd8+ Qxd8 29. Rd1 Qe7 30. Nd6 Rd8 31. Qxc5 Be5 0-1

[Event "Maipu Magistral"]
[Site "Maipu CHI"]
[Date "2002.08.24"]
[Round "5"]
[White "Castellanos, Renier"]
[Black "Llorens, Marcelo"]
[Result "1/2-1/2"]
[WhiteElo "2367"]
[BlackElo "2298"]
[PlyCount "112"]
[EventDate "2002.08.17"]
[EventType "tourn"]
[EventRounds "11"]
[EventCountry "CHI"]
[EventCategory "1"]
[Source "ChessBase"]
[SourceDate "2005.11.24"]

1. e4 c5 2. Nf3 Nc6 3. Bb5 g6 4. Bxc6 bxc6 5. O-O Bg7 6. Re1 Nf6 7. e5 Nd5 8.
c4 Nc7 9. d4 cxd4 10. Qxd4 Ne6 11. Qh4 O-O 12. Nc3 d6 13. Bh6 f6 14. Bxg7 Kxg7
15. exd6 Qxd6 16. Rad1 Qc7 17. Qe4 Rf7 18. Nd4 Nxd4 19. Qxd4 Qa5 20. b3 e5 21.
Qe3 Bf5 22. Na4 Rd8 23. b4 Qc7 24. Nc5 a5 25. b5 cxb5 26. cxb5 Rc8 27. Rc1 Qd6
28. Red1 Qf8 29. b6 Rb8 30. Qb3 Qe8 31. Rd6 e4 32. h3 Qe5 33. Rd5 Qf4 34. Rcd1
Re7 35. Re1 e3 36. fxe3 Qg3 37. Re2 Bxh3 38. e4 Qxb3 39. axb3 Bg4 40. Ra2 Rxb6
41. Rxa5 h5 42. Kf2 Rb8 43. Ra6 Re5 44. Rxe5 fxe5 45. Rd6 Rf8+ 46. Ke3 Rf1 47.
Nd3 Rg1 48. Nxe5 Rxg2 49. Rxg6+ Kh7 50. Rd6 Bc8 51. Rc6 Rg8 52. Rc7+ Kh6 53.
Nf7+ Kg6 54. Nd6 Bg4 55. Rc2 Rb8 56. Rb2 Rb4 1/2-1/2

[Event "Maipu Magistral"]
[Site "Maipu CHI"]
[Date "2002.08.25"]
[Round "6"]
[White "Martinez, Eric"]
[Black "Castellanos, Renier"]
[Result "0-1"]
[WhiteElo "2113"]
[BlackElo "2367"]
[PlyCount "68"]
[EventDate "2002.08.17"]
[EventType "tourn"]
[EventRounds "11"]
[EventCountry "CHI"]
[EventCategory "1"]
[Source "ChessBase"]
[SourceDate "2005.11.24"]

1. e4 c5 2. c3 Nf6 3. e5 Nd5 4. Nf3 e6 5. d4 cxd4 6. cxd4 d6 7. Be2 Nc6 8. Nc3
Nxc3 9. bxc3 dxe5 10. dxe5 Qa5 11. Bf4 Qxc3+ 12. Kf1 Be7 13. Rc1 Qa3 14. Qc2
Bd7 15. h4 Nb4 16. Qc7 Nd5 17. Qxb7 Rd8 18. Bd2 O-O 19. Qb3 Rb8 20. Qxa3 Bxa3
21. Re1 Rfc8 22. Rh3 Rb2 23. Ra1 Rcc2 24. Rd1 Rxa2 25. Ne1 Rcb2 26. Bc4 Bb5 27.
Bxb5 Rxb5 28. Rf3 h6 29. g4 Be7 30. g5 hxg5 31. Bxg5 Rbb2 32. Bc1 Rb1 33. Rfd3
Bc5 34. R3d2 Rxd2 0-1